[Event "Brno op 5th"]
[Site "Brno"]
[Date "2014.11.22"]
[Round "9"]
[White "Trochta, Vojtech"]
[Black "Zemlicka, Vit"]
[Result "0-1"]
[WhiteElo "1751"]
[BlackElo "1899"]
[PlyCount "60"]
[EventDate "2014.11.15"]
[EventType "swiss"]
[EventRounds "9"]
[EventCountry "CZE"]
[SourceTitle "CBM 163 Extra"]
[Source "ChessBase"]
[SourceDate "2014.12.23"]
[SourceVersion "1"]
[SourceVersionDate "2014.12.23"]
[SourceQuality "1"]

1. e4 e5 2. Nf3 Nc6 3. d4 exd4 4. Nxd4 Nf6 5. Nxc6 bxc6 6. Bd3 Bb4+ 7. c3 Be7 8. e5 Nd5 9. 0-0 0-0 10. Nd2 Nf4 11. Ne4 Nxd3 12. Qxd3 d5 13. exd6 cxd6 14. Bf4 d5 15. Ng3 Re8 16. Rfe1 Be6 17. Re2 Qd7 18. Rae1 Bc5 19. h3 Rad8 20. Be5 f6 21. Bd4 Bd6 22. b4 a5 23. a3 axb4 24. axb4 Bf7 25. Qf5 Rxe2 26. Rxe2 Qc7 27. Qg4 Bg6 28. Qe6+ Qf7 29. Qxf7+ Kxf7 30. Kf1 Bd3 0-1

[Event "Brno op 5th"]
[Site "Brno"]
[Date "2014.11.21"]
[Round "8"]
[White "Kures, Michael"]
[Black "Trochta, Vojtech"]
[Result "0-1"]
[WhiteElo "1493"]
[BlackElo "1751"]
[PlyCount "68"]
[EventDate "2014.11.15"]
[EventType "swiss"]
[EventRounds "9"]
[EventCountry "CZE"]
[SourceTitle "CBM 163 Extra"]
[Source "ChessBase"]
[SourceDate "2014.12.23"]
[SourceVersion "1"]
[SourceVersionDate "2014.12.23"]
[SourceQuality "1"]

1. f4 d5 2. Nf3 Nf6 3. e3 g6 4. b3 Bg7 5. Bb2 0-0 6. Be2 c5 7. 0-0 Nc6 8. d4 Ne4 9. Ne5 Qa5 10. Bf3 f5 11. Bxe4 fxe4 12. Nxc6 bxc6 13. c4 Ba6 14. Bc3 Qb6 15. Na3 Rad8 16. Rb1 Qc7 17. g3 Bc8 18. Qe1 cxd4 19. Ba5 Qd6 20. Bxd8 Rxd8 21. b4 dxe3 22. c5 Qe6 23. Qxe3 d4 24. Qb3 Qxb3 25. axb3 d3 26. Nc4 Bd4+ 27. Kg2 e3 28. Rfd1 Bf5 29. Rbc1 Be4+ 30. Kh3 e2 31. Rd2 Bc3 32. g4 Rd4 33. Kg3 Rxc4 34. Ra2 d2 0-1

[Event "Brno op 5th"]
[Site "Brno"]
[Date "2014.11.15"]
[Round "1"]
[White "Kratochvil, Karel"]
[Black "Trochta, Vojtech"]
[Result "1-0"]
[WhiteElo "2148"]
[BlackElo "1751"]
[PlyCount "55"]
[EventDate "2014.11.15"]
[EventType "swiss"]
[EventRounds "9"]
[EventCountry "CZE"]
[SourceTitle "CBM 163 Extra"]
[Source "ChessBase"]
[SourceDate "2014.12.23"]
[SourceVersion "1"]
[SourceVersionDate "2014.12.23"]
[SourceQuality "1"]

1. d4 Nf6 2. c4 g6 3. Nc3 Bg7 4. e4 d6 5. Nf3 0-0 6. h3 Nbd7 7. Bg5 h6 8. Be3 e5 9. d5 Nc5 10. Bd3 Ne8 11. Bc2 f5 12. b4 Nxe4 13. Nxe4 fxe4 14. Nd2 Nf6 15. g4 b5 16. Nxe4 bxc4 17. Qd2 c3 18. Nxc3 g5 19. Qd3 Bd7 20. h4 e4 21. Nxe4 Nxg4 22. Ng3 Qf6 23. 0-0 Ne5 24. Qh7+ Kf7 25. f4 Nf3+ 26. Rxf3 gxh4 27. Rd1 Rh8 28. Nh5 1-0

[Event "Ricany op-A"]
[Site "Ricany"]
[Date "2014.08.28"]
[Round "7"]
[White "Vorsilka, Jiri"]
[Black "Trochta, Vojtech"]
[Result "1-0"]
[WhiteElo "1691"]
[BlackElo "1744"]
[PlyCount "59"]
[EventDate "2014.08.23"]
[EventType "swiss"]
[EventRounds "9"]
[EventCountry "CZE"]
[SourceTitle "EXT 2015"]
[Source "ChessBase"]
[SourceDate "2014.11.20"]
[SourceVersion "1"]
[SourceVersionDate "2014.11.20"]
[SourceQuality "1"]

1. e4 c5 2. Nc3 Nc6 3. f4 d6 4. Nf3 g6 5. Bb5 Bd7 6. Bxc6 Bxc6 7. 0-0 Bg7 8. d3 e6 9. Be3 Nf6 10. Kh1 Qe7 11. Qe1 0-0 12. Qh4 Qc7 13. Nd2 Nd7 14. f5 Qd8 15. Qh3 exf5 16. exf5 d5 17. Bh6 Nf6 18. Bxg7 Kxg7 19. fxg6 hxg6 20. Qg3 Nh5 21. Qf2 Qd6 22. d4 b6 23. dxc5 bxc5 24. Nb3 d4 25. Ne2 Nf6 26. Nxc5 Rad8 27. Nd3 Ne4 28. Qf4 Qd5 29. Qe5+ f6 30. Qxd5 1-0

[Event "Ricany op-A"]
[Site "Ricany"]
[Date "2014.08.24"]
[Round "3"]
[White "Trochta, Vojtech"]
[Black "Pycha, Patrik"]
[Result "0-1"]
[WhiteElo "1744"]
[BlackElo "2002"]
[PlyCount "25"]
[EventDate "2014.08.23"]
[EventType "swiss"]
[EventRounds "9"]
[EventCountry "CZE"]
[SourceTitle "EXT 2015"]
[Source "ChessBase"]
[SourceDate "2014.11.20"]
[SourceVersion "1"]
[SourceVersionDate "2014.11.20"]
[SourceQuality "1"]

1. e4 e6 2. d4 d5 3. e5 c5 4. c3 Qb6 5. Nf3 Nc6 6. a3 c4 7. Nbd2 Na5 8. Rb1 Qc7 9. b4 cxb3 10. Nxb3 Nc4 11. Bxc4 Qxc4 12. Bb2 Bd7 13. Qe2 0-1

[Event "Ricany op"]
[Site "Ricany"]
[Date "2013.08.25"]
[Round "2"]
[White "Mejzlik, Ondrej"]
[Black "Trochta, Vojtech"]
[Result "1-0"]
[WhiteElo "2255"]
[BlackElo "1724"]
[PlyCount "59"]
[EventDate "2013.08.24"]
[EventType "swiss"]
[EventRounds "9"]
[EventCountry "CZE"]
[SourceTitle "EXT 2022"]
[Source "ChessBase"]
[SourceDate "2021.10.06"]
[SourceVersion "1"]
[SourceVersionDate "2021.10.06"]
[SourceQuality "1"]

1. c4 Nf6 2. Nc3 e6 3. e4 d6 4. g3 c5 5. Bg2 g6 6. Nge2 Bg7 7. 0-0 0-0 8. d3 Nc6 9. h3 a6 10. Be3 Rb8 11. f4 Nd7 12. g4 Nd4 13. Ng3 b5 14. Qd2 Nb6 15. cxb5 axb5 16. f5 Na4 17. Rf2 Nxb2 18. Qxb2 b4 19. Qb1 exf5 20. gxf5 Bxf5 21. Nd5 Be6 22. Qc1 b3 23. Bg5 f6 24. Be3 Bxd5 25. Bxd4 Be6 26. Bc3 bxa2 27. Ne2 Rb3 28. Rxa2 Qb6 29. Ra1 f5 30. exf5 1-0